| 000 | 01400cab a22002295a 4500 | ||
|---|---|---|---|
| 008 | 240206e20140211xxk f 000 0 eng d | ||
| 041 | 0 | _aeng | |
| 100 | 1 | _aO'Grady, Eileen | |
| 245 | 0 | 0 | _aBreuer v Leccacorvi |
| 260 |
_c11 February 2014, _aCentral London County Court |
||
| 490 |
_aEstates Gazette _v22 May 2014 |
||
| 490 | _v[2014] PLSCS 159 | ||
| 520 | _a[2014] PLSCS 159. 11 February 2014. Judge Taylor in the Central London County Court. Party wall – Award – Measure of compensation – Section 7(2) of the Party Wall etc Act 1996 – Parties’ surveyors agreeing award under 1996 Act – Addendum award made following resolution of dispute about remedial works by third surveyor – Whether respondent intending to sell property at date of addendum award – Whether amount payable by appellant assessable by reference to diminution in value of respondent’s property or cost of carrying out work – Whether appeal brought out of time – Appeal allowed | ||
| 650 | 2 | 4 | _aBreuer v Leccacorvi |
| 650 | 2 | 4 | _aNEIGHBOUR DISPUTES |
| 650 | 2 | 4 | _aPARTY WALL ETC ACT 1996 |
| 651 | 4 | _aUnited Kingdom | |
| 690 |
_aParty walls _96258 |
||
| 856 |
_uhttps://www.egi.co.uk/legal/breuer-v-leccacorvi-1/ _zSummary available from EGi (subscription required) |
||
| 856 |
_uhttps://www.egi.co.uk/legal/breuer-v-leccacorvi/ _zTranscript available from EGi (subscription required) |
||
| 942 | _n0 | ||
| 999 |
_c121794 _d121794 |
||